000
00338nam a2200133Ia 4500
008
240624s9999 xx 000 0 und d
041
_a
eng
082
_a
658.4 DOB
100
_a
DOBBIN FRANK
245
_a
NEW ECONOMIC SOCIOLOGY A READER
260
_c
2004
_a
New Jersey
_b
Princeton University Press
300
_a
520 : p.
365
_c
_b
26
999
_c
20971
_d
20971